Catálogo público

Estadística aplicada : técnicas de la estadística moderna, cuando y donde aplicarlas / (Record no. 165505)

MARC details
000 -CABECERA
campo de control de longitud fija 01011nam a2200325Ia 4500
001 - NÚMERO DE CONTROL
campo de control Z_2451
003 - IDENTIFICADOR DEL NÚMERO DE CONTROL
campo de control CHAP
008 - DATOS DE LONGITUD FIJA--INFORMACIÓN GENERAL
campo de control de longitud fija 220113s[198 xx 000 0 und d
010 ## - NÚMERO DE CONTROL DE LA BIBLIOTECA DEL CONGRESO
Número de control de LC 165505
020 ## - NÚMERO INTERNACIONAL ESTÁNDAR DEL LIBRO
Número Internacional Estándar del Libro 968-18-0734-0
040 ## - FUENTE DE LA CATALOGACIÓN
Centro/agencia transcriptor CHAP
082 ## - NÚMERO DE LA CLASIFICACIÓN DECIMAL DEWEY
Número de clasificación 519.5 O88
100 1# - ENTRADA PRINCIPAL--NOMBRE DE PERSONA
Nombre de persona Ostle, Bernard
9 (RLIN) 84273
245 ## - MENCIÓN DE TÍTULO
Título Estadística aplicada : técnicas de la estadística moderna, cuando y donde aplicarlas /
Mención de responsabilidad, etc. por Bernard Ostle ; version española Dagoberto de la Serna Valdivia
260 ## - PUBLICACIÓN, DISTRIBUCIÓN, ETC.
Lugar de publicación, distribución, etc. México :
Nombre del editor, distribuidor, etc. Limusa,
Fecha de publicación, distribución, etc. [198
300 ## - DESCRIPCIÓN FÍSICA
Extensión 629 p.
500 ## - NOTA GENERAL
Nota general Título de la obra en inglés: Statistics in research de1963
503 ## - NOTA DE HISTORIA BIBLIOGRÁFICA (BK CF MU) [OBSOLETO]
Nota de historia bibliográfica ej.1: s/n \ ej.2: s/n \ ej.3: s/n
504 ## - NOTA DE BIBLIOGRAFÍA, ETC.
Nota de bibliografía, etc. Incluye bibliografía al final de cada capítulo
650 ## - PUNTO DE ACCESO ADICIONAL DE MATERIA--TÉRMINO DE MATERIA
Término de materia o nombre geográfico como elemento de entrada Análisis estadístico
9 (RLIN) 5984
650 ## - PUNTO DE ACCESO ADICIONAL DE MATERIA--TÉRMINO DE MATERIA
Término de materia o nombre geográfico como elemento de entrada Estadística
9 (RLIN) 38241
650 ## - PUNTO DE ACCESO ADICIONAL DE MATERIA--TÉRMINO DE MATERIA
Término de materia o nombre geográfico como elemento de entrada Probabilidad
9 (RLIN) 91685
700 1# - PUNTO DE ACCESO ADICIONAL--NOMBRE DE PERSONA
Nombre de persona Serna Valdivia, Dagoberto de la
9 (RLIN) 139373
901 ## - ELEMENTOS DE DATOS A LOCAL LDA (RLIN)
a 519.5 O88
902 ## - ELEMENTOS DE DATOS B LOCAL, LDB (RLIN)
a M
910 ## - DATOS DE OPCIÓN DEL USUARIO (OCLC)
Datos de opción del usuario [198
942 ## - ELEMENTOS DE PUNTO DE ACCESO ADICIONAL (KOHA)
Tipo de ítem Koha Libro_
942 ## - ELEMENTOS DE PUNTO DE ACCESO ADICIONAL (KOHA)
Tipo de ítem Koha
Holdings
Estado de retiro Estado de pérdida Fuente del sistema de clasificación o colocación Estado dañado No para préstamo Código de colección Localización permanente Ubicación/localización actual Ubicación en estantería Fecha de adquisición Total de préstamos Código de barras Fecha visto por última vez Fecha del último préstamo Número de copia Precio válido a partir de Tipo de ítem Koha
    Dewey Decimal Classification     General Zootecnia Zootecnia   09/11/2005 1 z_2320 17/04/2023 17/04/2023 1 18/01/2022 Libro
    Dewey Decimal Classification     General Zootecnia Zootecnia   09/11/2005   z_2321 18/01/2022   2 18/01/2022 Libro
    Dewey Decimal Classification     General Zootecnia Zootecnia   18/11/2016   z_6224 18/01/2022   3 18/01/2022 Libro